[Event "Tata Steel Chess 2014 GM-B"]
[Site "Wijk aan Zee NED"]
[Date "2014.01.18"]
[Round "7.6"]
[White "Bok, Benjamin"]
[Black "Troff, Kayden W"]
[Result "1/2-1/2"]
[WhiteElo "2560"]
[BlackElo "2457"]
[PlyCount "99"]
[EventDate "2014.01.11"]
[EventType "tourn"]
[EventRounds "13"]
[EventCountry "NED"]
[EventCategory "14"]
[Source "lmi"]
[SourceDate "2014.01.11"]

1. e4 c5 2. Nf3 d6 3. d4 cxd4 4. Nxd4 Nf6 5. Nc3 a6 6. Be3 e5 7. Nf3 Be7 8. Bc4
O-O 9. O-O Qc7 10. Bb3 Be6 11. Nh4 g6 12. Qd2 Nc6 13. Bh6 Rfd8 14. Nf5 Bxf5 15.
exf5 d5 16. fxg6 hxg6 17. Nxd5 Nxd5 18. Bxd5 Nb4 19. c4 Rd7 20. Rfd1 Rad8 21.
Be3 b5 22. b3 Nxd5 23. cxd5 Qb7 24. h3 Rxd5 25. Qc2 Rxd1+ 26. Rxd1 Rxd1+ 27.
Qxd1 Qc6 28. g3 Kf8 29. h4 Ke8 30. h5 gxh5 31. Qxh5 Qd6 32. Qg4 Kf8 33. a4 bxa4
34. bxa4 Qg6 35. Qc4 Kg7 36. a5 Bd8 37. Qb4 Qc6 38. Kh2 Bc7 39. Qg4+ Qg6 40.
Qb4 Qc6 41. Bd2 Qd7 42. Bc3 Qc6 43. Qg4+ Kf6 44. Bd2 Ke7 45. Qc8 Kd6 46. Bb4+
Kd5 47. Qg4 Qb5 48. Qf3+ Ke6 49. Qg4+ Kd5 50. Qf3+ 1/2-1/2

[Event "Tata Steel Chess 2014 GM-B"]
[Site "Wijk aan Zee NED"]
[Date "2014.01.19"]
[Round "8.1"]
[White "Zhao, Xue"]
[Black "Reinderman, Dimitri"]
[Result "0-1"]
[WhiteElo "2567"]
[BlackElo "2593"]
[PlyCount "84"]
[EventDate "2014.01.11"]
[EventType "tourn"]
[EventRounds "13"]
[EventCountry "NED"]
[EventCategory "14"]
[Source "lmi"]
[SourceDate "2014.01.11"]

1. d4 f5 2. c4 Nf6 3. g3 e6 4. Bg2 Be7 5. Nf3 O-O 6. O-O d6 7. b3 Ne4 8. Bb2
Bf6 9. Ne1 c5 10. Nd2 d5 11. cxd5 exd5 12. Ndf3 Nc6 13. e3 b5 14. Ne5 Bxe5 15.
dxe5 c4 16. Nc2 Re8 17. f3 Nc5 18. Ba3 Nd3 19. f4 Be6 20. Ne1 Ncb4 21. Bxb4
Nxb4 22. bxc4 bxc4 23. Qd2 Rb8 24. a3 Nc6 25. Rd1 Rb5 26. Nf3 h6 27. Rb1 Qb6
28. Rxb5 Qxb5 29. Nd4 Nxd4 30. Qxd4 Qa5 31. g4 g6 32. gxf5 gxf5 33. Rd1 Kh8 34.
Qb2 Rg8 35. h3 c3 36. Qb3 Qa6 37. Kf2 d4 38. Bd5 c2 39. Rc1 Bxd5 40. Qxd5 Qxa3
41. Qxd4 Qxc1 42. e6+ Kh7 0-1

[Event "Tata Steel Chess 2014 GM-B"]
[Site "Wijk aan Zee NED"]
[Date "2014.01.19"]
[Round "8.5"]
[White "Jobava, Baadur"]
[Black "Yu, Yangyi"]
[Result "1-0"]
[WhiteElo "2710"]
[BlackElo "2677"]
[PlyCount "69"]
[EventDate "2014.01.11"]
[EventType "tourn"]
[EventRounds "13"]
[EventCountry "NED"]
[EventCategory "14"]
[Source "lmi"]
[SourceDate "2014.01.11"]

1. b3 d5 2. Bb2 Bf5 3. e3 e6 4. h3 h6 5. Nc3 Bh7 6. d4 Nf6 7. Bd3 Bxd3 8. Qxd3
Nbd7 9. O-O-O Bb4 10. Nge2 O-O 11. g4 c5 12. dxc5 Qe7 13. Rhg1 Nxc5 14. Qd4
Nce4 15. Nxe4 dxe4 16. g5 hxg5 17. Qe5 Rfd8 18. Rxd8+ Rxd8 19. Qxg5 Ne8 20. Qe5
f5 21. Nf4 Ba3 22. Rg6 Bxb2+ 23. Kxb2 Rd6 24. Rxe6 Rxe6 25. Qxe6+ Qf7 26. h4
Qxe6 27. Nxe6 Nf6 28. Kc3 Ng4 29. Nd8 b6 30. Nc6 Nxf2 31. Kd4 Kf7 32. Nxa7 Ke6
33. Nc8 Ng4 34. Nxb6 Ne5 35. h5 1-0

[Event "Tata Steel Chess 2014 GM-B"]
[Site "Wijk aan Zee NED"]
[Date "2014.01.19"]
[Round "8.6"]
[White "Van Delft, Merijn"]
[Black "Saric, Ivan"]
[Result "1/2-1/2"]
[WhiteElo "2430"]
[BlackElo "2637"]
[PlyCount "61"]
[EventDate "2014.01.11"]
[EventType "tourn"]
[EventRounds "13"]
[EventCountry "NED"]
[EventCategory "14"]
[Source "lmi"]
[SourceDate "2014.01.11"]

1. e4 e5 2. Nf3 Nc6 3. Bb5 a6 4. Ba4 Nf6 5. O-O Be7 6. d3 d6 7. c4 O-O 8. h3
Na7 9. Nc3 Rb8 10. d4 exd4 11. Qxd4 c5 12. Qd3 b5 13. Bb3 Be6 14. cxb5 axb5 15.
Bxe6 fxe6 16. e5 dxe5 17. Qxd8 Rfxd8 18. Nxe5 Nd5 19. Ne4 Bf6 20. Nd3 c4 21.
Ndc5 Rb6 22. Rd1 Rc6 23. Nxf6+ gxf6 24. Ne4 Rcc8 25. Be3 Nc6 26. a3 Kf7 27. Bc5
Kg6 28. Nd6 Rb8 29. a4 bxa4 30. Nxc4 Rb5 31. Ba3 1/2-1/2

[Event "Tata Steel Chess 2014 GM-B"]
[Site "Wijk aan Zee NED"]
[Date "2014.01.21"]
[Round "9.3"]
[White "Yu, Yangyi"]
[Black "Van Delft, Merijn"]
[Result "1-0"]
[WhiteElo "2677"]
[BlackElo "2430"]
[PlyCount "191"]
[EventDate "2014.01.11"]
[EventType "tourn"]
[EventRounds "13"]
[EventCountry "NED"]
[EventCategory "14"]
[Source "lmi"]
[SourceDate "2014.01.11"]

1. e4 c5 2. Nf3 e6 3. d4 cxd4 4. Nxd4 Nc6 5. Nc3 Qc7 6. Be2 a6 7. O-O Nf6 8.
Be3 Be7 9. f4 d6 10. a4 O-O 11. Kh1 Nxd4 12. Bxd4 e5 13. Bg1 exf4 14. a5 Be6
15. Bb6 Qb8 16. Bd4 Qc7 17. Rxf4 Rac8 18. Bd3 Nd7 19. Nd5 Bxd5 20. exd5 Ne5 21.
Bb6 Qb8 22. c4 g6 23. b4 Bg5 24. Re4 f5 25. Rxe5 dxe5 26. Be2 Bf6 27. d6 Kg7
28. Qd5 h5 29. Rd1 h4 30. d7 Rcd8 31. Qe6 Bg5 32. Rd6 Rf6 33. Qe7+ Rf7 34.
Qxe5+ Bf6 35. Qe6 Qxd6 36. Qxd6 Rfxd7 37. Qf4 Re8 38. Qf3 Rd2 39. Bf1 Re1 40.
Kg1 Rdd1 41. b5 Kf8 42. g4 Rxf1+ 43. Qxf1 Rxf1+ 44. Kxf1 Ke7 45. gxf5 gxf5 46.
Kg2 Bc3 47. Kf3 Bd2 48. h3 Kd7 49. Ke2 Bg5 50. Kd3 Bf6 51. Ke3 Be5 52. Kf3 Bg3
53. Ke2 Bd6 54. Kd3 Be5 55. Ke3 Ke6 56. Bd8 Bg3 57. Ke2 Kd6 58. Bb6 Kd7 59. Kd3
Be5 60. Bf2 Bf6 61. Be1 Kd6 62. Bb4+ Kd7 63. Ke3 Be5 64. Be1 Bf6 65. Kf4 Ke6
66. Bb4 Be5+ 67. Kg5 Bg3 68. Bc3 Bf2 69. Kg6 Bg3 70. Kh5 Bf2 71. Kg5 Bg3 72.
Bd4 Be1 73. Bb6 Bg3 74. Bd4 Be1 75. Bb6 Bg3 76. Bd8 Bf2 77. Kh5 Be1 78. Kg5 Bg3
79. Bb6 Be1 80. c5 Kd7 81. c6+ Kc8 82. cxb7+ Kxb7 83. bxa6+ Kxa6 84. Kxf5 Kb5
85. Kg5 Bg3 86. Kg4 Be1 87. Bd8 Ka6 88. Bxh4 Bxa5 89. Bg3 Kb5 90. h4 Kc6 91. h5
Kd7 92. h6 Bc3 93. Kf5 Ke7 94. Kg6 Kf8 95. h7 Bh8 96. Bh4 1-0

[Event "Tata Steel Chess 2014 GM-B"]
[Site "Wijk aan Zee NED"]
[Date "2014.01.21"]
[Round "9.6"]
[White "Bok, Benjamin"]
[Black "Goudriaan, Etienne"]
[Result "1/2-1/2"]
[WhiteElo "2560"]
[BlackElo "2431"]
[PlyCount "121"]
[EventDate "2014.01.11"]
[EventType "tourn"]
[EventRounds "13"]
[EventCountry "NED"]
[EventCategory "14"]
[Source "lmi"]
[SourceDate "2014.01.11"]

1. e4 c5 2. Nf3 d6 3. d4 cxd4 4. Nxd4 Nf6 5. Nc3 a6 6. Be3 e5 7. Nf3 Be7 8. Bc4
O-O 9. O-O Nc6 10. Re1 b5 11. Bf1 Rb8 12. a4 b4 13. Nd5 Nxe4 14. a5 Nf6 15. Bb6
Qd7 16. Bc4 Nxd5 17. Bxd5 Bb7 18. Nd2 Nxa5 19. Rxa5 Bxd5 20. Rxd5 Qc6 21. Rd3
Rxb6 22. b3 Rbb8 23. Nc4 Rfd8 24. Re2 e4 25. Rd5 Rb5 26. Red2 Rxd5 27. Rxd5 g6
28. Qd4 Bf8 29. g3 Re8 30. Nxd6 Bxd6 31. Rxd6 Qxc2 32. Rd8 Rxd8 33. Qxd8+ Kg7
34. Qd4+ Kh6 35. Qxb4 Qd1+ 36. Kg2 Qf3+ 37. Kg1 f6 38. Qf8+ Kh5 39. Qe7 Qd1+
40. Kg2 Qf3+ 41. Kg1 h6 42. h3 e3 43. Qxe3 Qxe3 44. fxe3 Kg5 45. e4 h5 46. Kf2
h4 47. b4 hxg3+ 48. Kxg3 Kh5 49. h4 g5 50. hxg5 fxg5 51. e5 g4 52. Kf4 g3 53.
Kxg3 Kg5 54. Kf3 Kf5 55. e6 Kxe6 56. Ke4 Kd6 57. Kd4 Kc6 58. Kc4 Kb6 59. Kc3 a5
60. Kb3 axb4 61. Kxb4 1/2-1/2

[Event "Tata Steel Chess 2014 GM-B"]
[Site "Wijk aan Zee NED"]
[Date "2014.01.21"]
[Round "9.7"]
[White "Reinderman, Dimitri"]
[Black "Troff, Kayden W"]
[Result "1-0"]
[WhiteElo "2593"]
[BlackElo "2457"]
[PlyCount "137"]
[EventDate "2014.01.11"]
[EventType "tourn"]
[EventRounds "13"]
[EventCountry "NED"]
[EventCategory "14"]
[Source "lmi"]
[SourceDate "2014.01.11"]

1. d4 d5 2. c4 e6 3. Nc3 c6 4. Nf3 Nf6 5. g3 dxc4 6. Bg2 b5 7. O-O Bb7 8. e4 h6
9. Ne5 Nbd7 10. f4 Bb4 11. a3 Ba5 12. Kh1 Qe7 13. Qe2 a6 14. a4 Bb6 15. Be3
Nxe5 16. dxe5 Nd7 17. Bxb6 Nxb6 18. Rfd1 O-O 19. Qe3 Qc7 20. Rd6 b4 21. Nd1 c5
22. a5 Nc8 23. Rd2 Na7 24. Rc2 c3 25. bxc3 b3 26. Rcc1 c4 27. Nb2 Rfd8 28. Bf1
Qc6 29. Re1 Nb5 30. Nxc4 Rac8 31. Kg1 Qc5 32. Qxc5 Rxc5 33. Rab1 Bxe4 34. Rxb3
Bd5 35. Rb4 Nxc3 36. Ra1 Nb5 37. Rd1 Nc7 38. Ra4 Kf8 39. Nb6 Ke7 40. Raa1 Rb8
41. Rac1 Rxc1 42. Rxc1 Kd8 43. Kf2 Bb7 44. Rc5 Nd5 45. Nxd5 Bxd5 46. Bxa6 Rb2+
47. Be2 Bb7 48. Ke3 Ra2 49. Bc4 Rxh2 50. a6 Ba8 51. a7 Rg2 52. Rb5 Rxg3+ 53.
Kd4 Ke7 54. Rb8 Bh1 55. Bd3 Bd5 56. Rb5 Ba8 57. Rb8 Bd5 58. a8=Q Bxa8 59. Rxa8
Rg4 60. Bb5 f6 61. Ke3 fxe5 62. fxe5 h5 63. Ra7+ Kf8 64. Bd7 Rg6 65. Kd4 h4 66.
Kc5 h3 67. Kd6 Rg1 68. Ra8+ Kf7 69. Be8+ 1-0

[Event "Tata Steel Chess 2014 GM-B"]
[Site "Wijk aan Zee NED"]
[Date "2014.01.22"]
[Round "10.1"]
[White "Zhao, Xue"]
[Black "Troff, Kayden W"]
[Result "1/2-1/2"]
[WhiteElo "2567"]
[BlackElo "2457"]
[PlyCount "176"]
[EventDate "2014.01.11"]
[EventType "tourn"]
[EventRounds "13"]
[EventCountry "NED"]
[EventCategory "14"]
[Source "lmi"]
[SourceDate "2014.01.11"]

1. Nf3 d5 2. c4 e6 3. g3 dxc4 4. Qa4+ Nd7 5. Qxc4 a6 6. Bg2 b5 7. Qb3 Bb7 8.
O-O Ngf6 9. d3 Be7 10. Bg5 h6 11. Bxf6 Bxf6 12. Nc3 c5 13. a4 b4 14. Ne4 Be7
15. Nfd2 Bd5 16. Nc4 Ne5 17. Ned2 Nc6 18. a5 Rb8 19. Bxd5 exd5 20. Nb6 Nd4 21.
Qa4+ Nb5 22. Rfc1 O-O 23. Nb3 Re8 24. e3 Bf6 25. Nxc5 Bxb2 26. Nxa6 Nc3 27.
Qxb4 Ne2+ 28. Kf1 Bxc1 29. Kxe2 Bxe3 30. fxe3 Qf6 31. Rd1 Rbd8 32. Nc7 Re5 33.
Qd4 Qg5 34. Rf1 Qh5+ 35. Ke1 f6 36. Rf2 Rd6 37. Rc2 Qf3 38. Ncxd5 Rdxd5 39.
Nxd5 Rxd5 40. Qc4 Kh7 41. Qf4 Qh1+ 42. Qf1 Qxf1+ 43. Kxf1 Rxa5 44. Kf2 g5 45.
d4 Kg6 46. Kf3 h5 47. h3 Ra6 48. Rc7 Ra1 49. d5 Kf5 50. Re7 g4+ 51. hxg4+ hxg4+
52. Ke2 Ra3 53. Re8 Kg6 54. d6 Ra2+ 55. Kd3 Ra6 56. Rd8 Kf5 57. Kd4 Ke6 58. Kc5
Ra5+ 59. Kb6 Ra3 60. Kc5 Ra5+ 61. Kc4 Ra4+ 62. Kd3 Ra6 63. Re8+ Kxd6 64. Ke4
Kd7 65. Rh8 Ke6 66. Kf4 Ra4+ 67. e4 Rb4 68. Ra8 Rb1 69. Ra6+ Kf7 70. Kxg4 Rb5
71. Kf4 Kg6 72. Rd6 Ra5 73. Re6 Kf7 74. Rc6 Kg6 75. Rb6 Rc5 76. Rb8 Ra5 77. Rh8
Rb5 78. Rh1 Ra5 79. Rd1 Rb5 80. Rd5 Rb4 81. g4 Rb1 82. e5 Rb4+ 83. Kg3 f5 84.
gxf5+ Kxf5 85. Kf3 Rf4+ 86. Ke3 Re4+ 87. Kd3 Rxe5 88. Rxe5+ Kxe5 1/2-1/2

[Event "Tata Steel Chess 2014 GM-B"]
[Site "Wijk aan Zee NED"]
[Date "2014.01.22"]
[Round "10.4"]
[White "Jobava, Baadur"]
[Black "Bok, Benjamin"]
[Result "1-0"]
[WhiteElo "2710"]
[BlackElo "2560"]
[PlyCount "63"]
[EventDate "2014.01.11"]
[EventType "tourn"]
[EventRounds "13"]
[EventCountry "NED"]
[EventCategory "14"]
[Source "lmi"]
[SourceDate "2014.01.11"]

1. e4 e5 2. Nf3 Nc6 3. Be2 Nf6 4. d3 d5 5. Nbd2 Bc5 6. c3 a5 7. a4 O-O 8. O-O
Re8 9. h3 h6 10. Qc2 b6 11. Re1 Bb7 12. Nf1 Bd6 13. Ng3 Ne7 14. Nh4 c5 15. Bg4
c4 16. dxc4 Nxe4 17. Rxe4 dxe4 18. Bxh6 Bc5 19. Rd1 Qc7 20. Qc1 e3 21. Bxe3
Bxe3 22. Qxe3 Qxc4 23. Nh5 Qe4 24. Qg5 Ng6 25. Kh2 Bc8 26. f3 Qc2 27. Rd6 Bxg4
28. hxg4 Kh7 29. Nxg6 fxg6 30. Nf6+ gxf6 31. Rd7+ Kg8 32. Qxf6 1-0

[Event "Tata Steel Chess 2014 GM-B"]
[Site "Wijk aan Zee NED"]
[Date "2014.01.24"]
[Round "11.1"]
[White "Saric, Ivan"]
[Black "Zhao, Xue"]
[Result "1-0"]
[WhiteElo "2637"]
[BlackElo "2567"]
[PlyCount "71"]
[EventDate "2014.01.11"]
[EventType "tourn"]
[EventRounds "13"]
[EventCountry "NED"]
[EventCategory "14"]
[Source "lmi"]
[SourceDate "2014.01.11"]

1. e4 e5 2. Nf3 Nc6 3. Bc4 Nf6 4. d3 Be7 5. O-O d6 6. a4 O-O 7. Re1 Na5 8. Ba2
c5 9. c3 a6 10. d4 Qc7 11. Na3 Bg4 12. h3 Bh5 13. dxe5 dxe5 14. Nc4 Nxc4 15.
Bxc4 Rad8 16. Qe2 Bg6 17. Nd2 Rd7 18. a5 Nh5 19. Nf1 Qd8 20. Be3 h6 21. Red1
Rxd1 22. Rxd1 Qc8 23. Qg4 Qxg4 24. hxg4 Nf6 25. f3 Rc8 26. Nd2 Kf8 27. Bb3 Nh7
28. Nc4 f6 29. Rd7 Rb8 30. Nb6 Be8 31. Bd5 Ng5 32. Rxb7 Rxb7 33. Bxb7 Ne6 34.
Bxa6 Nc7 35. Bb7 Bb5 36. Nd5 1-0

[Event "Tata Steel Chess 2014 GM-B"]
[Site "Wijk aan Zee NED"]
[Date "2014.01.24"]
[Round "11.4"]
[White "Bok, Benjamin"]
[Black "Van Delft, Merijn"]
[Result "1-0"]
[WhiteElo "2560"]
[BlackElo "2430"]
[PlyCount "121"]
[EventDate "2014.01.11"]
[EventType "tourn"]
[EventRounds "13"]
[EventCountry "NED"]
[EventCategory "14"]
[Source "lmi"]
[SourceDate "2014.01.11"]

1. e4 c5 2. Nf3 e6 3. d4 cxd4 4. Nxd4 Nc6 5. Nc3 Qc7 6. Be2 a6 7. O-O Nf6 8.
Be3 Be7 9. f4 d6 10. Qe1 O-O 11. Qg3 Nxd4 12. Bxd4 b5 13. a3 Bb7 14. Kh1 Rad8
15. Rae1 Rd7 16. Bd3 Re8 17. Re2 Qd8 18. Qh3 Bf8 19. Ref2 e5 20. Be3 Be7 21.
Rf3 Qc8 22. fxe5 dxe5 23. Rf5 Bd8 24. Qg3 Re6 25. Bg5 Nh5 26. Qg4 Bxg5 27. Rxg5
Nf6 28. Qg3 g6 29. Rxe5 Rde7 30. Rxe6 Qxe6 31. Qb8+ Kg7 32. Qf4 Nd7 33. Qh4 Ne5
34. a4 bxa4 35. Nxa4 Qd6 36. Nc3 Rd7 37. Be2 Qb6 38. Qf4 Qe6 39. Na4 Qe7 40. c3
Rc7 41. b4 Rc6 42. Nc5 Bc8 43. Ra1 h5 44. Bxa6 Rf6 45. Qe3 Bxa6 46. Nxa6 Ng4
47. Qd4 Kh7 48. h3 Nf2+ 49. Kg1 Rf4 50. Qe3 Qg5 51. Rf1 Nxh3+ 52. Qxh3 Rxf1+
53. Kxf1 Qb5+ 54. Kg1 Qxa6 55. Qe3 Qa1+ 56. Kh2 Qf1 57. e5 Qf5 58. b5 Qb1 59.
c4 Kg7 60. b6 Qb4 61. c5 1-0

[Event "Tata Steel Chess 2014 GM-B"]
[Site "Wijk aan Zee NED"]
[Date "2014.01.24"]
[Round "11.6"]
[White "Reinderman, Dimitri"]
[Black "Goudriaan, Etienne"]
[Result "1-0"]
[WhiteElo "2593"]
[BlackElo "2431"]
[PlyCount "71"]
[EventDate "2014.01.11"]
[EventType "tourn"]
[EventRounds "13"]
[EventCountry "NED"]
[EventCategory "14"]
[Source "lmi"]
[SourceDate "2014.01.11"]

1. e4 c5 2. Nf3 d6 3. d4 cxd4 4. Nxd4 Nf6 5. f3 a6 6. c4 e6 7. Nc3 Nbd7 8. Be2
d5 9. exd5 exd5 10. O-O Bc5 11. cxd5 Nb6 12. Ne4 Be7 13. d6 Bxd6 14. Nxd6+ Qxd6
15. Be3 O-O 16. Bf2 Nbd5 17. Re1 Re8 18. Qb3 b5 19. Bf1 Bd7 20. Qd3 Rad8 21.
Nb3 Bc6 22. Nc5 a5 23. Rxe8+ Rxe8 24. Nb3 a4 25. Nd4 Nf4 26. Qc2 Bd7 27. Nxb5
Qb4 28. a3 Qa5 29. Nd6 Re6 30. Rd1 Qg5 31. h4 Qh5 32. Ne4 N6d5 33. Nc5 Rc6 34.
Qe4 Be6 35. Qxf4 Nxf4 36. Rd8# 1-0

[Event "Tata Steel Chess 2014 GM-B"]
[Site "Wijk aan Zee NED"]
[Date "2014.01.25"]
[Round "12.2"]
[White "Goudriaan, Etienne"]
[Black "Troff, Kayden W"]
[Result "1-0"]
[WhiteElo "2431"]
[BlackElo "2457"]
[PlyCount "79"]
[EventDate "2014.01.11"]
[EventType "tourn"]
[EventRounds "13"]
[EventCountry "NED"]
[EventCategory "14"]
[Source "lmi"]
[SourceDate "2014.01.11"]

1. e4 c5 2. Nf3 d6 3. d4 cxd4 4. Nxd4 Nf6 5. Nc3 a6 6. Be3 e5 7. Nb3 Be7 8. h3
Be6 9. f4 exf4 10. Bxf4 Nc6 11. Qe2 Nd7 12. O-O-O Nce5 13. Kb1 Rc8 14. Qe3 O-O
15. g4 Re8 16. Nd4 Bc4 17. Nd5 Bxd5 18. exd5 Bf6 19. g5 Nc4 20. Qf2 Be5 21.
Bxc4 Rxc4 22. Rhf1 Bxf4 23. Qxf4 Ne5 24. h4 Qd7 25. h5 Qh3 26. h6 Qg2 27. b3
Rc7 28. hxg7 Ng6 29. Qxd6 Rec8 30. Qf6 Rd7 31. d6 Nh4 32. Qh6 Qe4 33. Rfe1 Qg6
34. Qxh4 Rxd6 35. Qe4 Rcd8 36. Qxg6 hxg6 37. c3 Rd5 38. Re7 b5 39. Rh1 R8d7 40.
Rh8+ 1-0

[Event "Tata Steel Chess 2014 GM-B"]
[Site "Wijk aan Zee NED"]
[Date "2014.01.25"]
[Round "12.3"]
[White "Jobava, Baadur"]
[Black "Reinderman, Dimitri"]
[Result "0-1"]
[WhiteElo "2710"]
[BlackElo "2593"]
[PlyCount "158"]
[EventDate "2014.01.11"]
[EventType "tourn"]
[EventRounds "13"]
[EventCountry "NED"]
[EventCategory "14"]
[Source "lmi"]
[SourceDate "2014.01.11"]

1. e4 c5 2. Nc3 Nc6 3. Bb5 Nf6 4. Nf3 g6 5. h3 Bg7 6. e5 Ng8 7. Bxc6 dxc6 8. a4
Nh6 9. a5 Nf5 10. O-O O-O 11. d3 Nd4 12. Re1 Be6 13. Be3 b6 14. Bxd4 cxd4 15.
Ne2 c5 16. Nf4 Bc8 17. axb6 Qxb6 18. Nd2 Bh6 19. Nc4 Qb7 20. Na5 Qxb2 21. Nd5
Kh8 22. Rb1 Qa2 23. Nc4 Qa4 24. Nc7 Be6 25. Nxe6 fxe6 26. g3 Qc6 27. h4 Rf3 28.
Re4 Raf8 29. g4 Rxf2 30. g5 Bg7 31. Rb8 Rxb8 32. Kxf2 Rf8+ 33. Kg3 Qe8 34. Qg4
Rf5 35. Kg2 Qf7 36. Qe2 h6 37. Qd2 Kh7 38. Re1 Rf4 39. Re4 Rf1 40. Qe2 Rf5 41.
Qd2 Qf8 42. Re2 Qa8+ 43. Re4 a6 44. Kg3 Qf8 45. Kg2 Qf7 46. Re2 Qe8 47. Re4 Qf8
48. Re2 hxg5 49. hxg5 a5 50. Qc1 a4 51. Kg1 Kg8 52. Rg2 Qa8 53. Rf2 Qd5 54.
Rxf5 exf5 55. Qa3 Qc6 56. Kf2 Kf7 57. Qa2 Qd5 58. Qxa4 Bxe5 59. Qc6 Qe6 60.
Qxc5 Bf4 61. Qxd4 Bxg5 62. Ne5+ Kg8 63. Qc4 Qxc4 64. dxc4 Bf6 65. Nxg6 e5 66.
c5 Kf7 67. c6 Ke6 68. Kf3 Kd6 69. Nf4 e4+ 70. Ke2 Kxc6 71. Ne6 Kd6 72. Nf4 Bg5
73. Nh3 Bh6 74. Nf2 Kd5 75. c3 Kc4 76. Nd1 Bg5 77. Kf2 Kd3 78. Ke1 Bh4+ 79. Kf1
Kd2 0-1

[Event "Tata Steel Chess 2014 GM-B"]
[Site "Wijk aan Zee NED"]
[Date "2014.01.25"]
[Round "12.7"]
[White "Saric, Ivan"]
[Black "Yu, Yangyi"]
[Result "1-0"]
[WhiteElo "2637"]
[BlackElo "2677"]
[PlyCount "81"]
[EventDate "2014.01.11"]
[EventType "tourn"]
[EventRounds "13"]
[EventCountry "NED"]
[EventCategory "14"]
[Source "lmi"]
[SourceDate "2014.01.11"]

1. e4 c5 2. Nf3 e6 3. d4 cxd4 4. Nxd4 Nc6 5. Nc3 Qc7 6. Be3 a6 7. Qd2 Nf6 8.
O-O-O Be7 9. f4 b5 10. e5 b4 11. exf6 bxc3 12. Qxc3 Bxf6 13. g4 h6 14. h4 Bb7
15. Rh2 Rc8 16. Qd2 Nxd4 17. Bxd4 Bxd4 18. Qxd4 O-O 19. g5 h5 20. Rf2 d5 21.
Re1 g6 22. Re3 a5 23. Rb3 a4 24. Qxa4 Qc5 25. Rg2 Ra8 26. Qb4 Qxb4 27. Rxb4
Rxa2 28. Be2 Ba6 29. Bd1 Ra8 30. Rg3 Bc4 31. Kd2 Ra1 32. Rc3 Kg7 33. Bf3 R8a2
34. b3 Ba6 35. Rc7 Ra5 36. f5 exf5 37. Rd4 Bb5 38. Rxd5 Rf1 39. Rd8 Ba6 40. Bd5
Rf2+ 41. Kc3 1-0

[Event "Tata Steel Chess 2014 GM-B"]
[Site "Wijk aan Zee NED"]
[Date "2014.01.26"]
[Round "13.1"]
[White "Yu, Yangyi"]
[Black "Zhao, Xue"]
[Result "1-0"]
[WhiteElo "2677"]
[BlackElo "2567"]
[PlyCount "85"]
[EventDate "2014.01.11"]
[EventType "tourn"]
[EventRounds "13"]
[EventCountry "NED"]
[EventCategory "14"]
[Source "lmi"]
[SourceDate "2014.01.11"]

1. e4 c6 2. d4 d5 3. Nc3 dxe4 4. Nxe4 Nd7 5. Ng5 Ngf6 6. Bd3 e6 7. N1f3 Bd6 8.
Qe2 h6 9. Ne4 Nxe4 10. Qxe4 Qc7 11. Qg4 Kf8 12. O-O b6 13. b3 Bb7 14. Bb2 Nf6
15. Qh3 Nd5 16. g3 Nb4 17. Be4 c5 18. Bxb7 Qxb7 19. dxc5 bxc5 20. Qh5 Nxc2 21.
Rad1 Rd8 22. Ne5 Nb4 23. Nc4 Be7 24. Rxd8+ Bxd8 25. Qxc5+ Kg8 26. Nd6 Qb6 27.
Bd4 Nc6 28. Qxb6 axb6 29. Be3 Be7 30. Nc8 Ba3 31. Nxb6 Kh7 32. Rd1 Rb8 33. Rd7
f6 34. Rc7 Ne7 35. Ra7 Bb4 36. a3 Bd6 37. b4 Nc6 38. Rd7 Bf8 39. Rc7 Ne5 40. f4
Ng4 41. Nd7 Bd6 42. Nxb8 Bxc7 43. Ba7 1-0

[Event "Tata Steel Chess 2014 GM-B"]
[Site "Wijk aan Zee NED"]
[Date "2014.01.26"]
[Round "13.5"]
[White "Reinderman, Dimitri"]
[Black "Van Delft, Merijn"]
[Result "1-0"]
[WhiteElo "2593"]
[BlackElo "2430"]
[PlyCount "65"]
[EventDate "2014.01.11"]
[EventType "tourn"]
[EventRounds "13"]
[EventCountry "NED"]
[EventCategory "14"]
[Source "lmi"]
[SourceDate "2014.01.11"]

1. c4 c6 2. Nf3 d5 3. d4 Nf6 4. Nc3 e6 5. g3 dxc4 6. Bg2 b5 7. Ne5 a6 8. a4 Bb7
9. axb5 axb5 10. Rxa8 Bxa8 11. O-O Nd5 12. e4 Nxc3 13. bxc3 Be7 14. Qg4 O-O 15.
Bh6 Bf6 16. Ra1 Bb7 17. Nxc4 Kh8 18. e5 gxh6 19. exf6 Qxf6 20. Ne5 Qd8 21. Qh5
Kg7 22. Ra7 Qb6 23. Ng4 Nd7 24. Qxh6+ Kg8 25. Nf6+ Nxf6 26. Qg5+ Kh8 27. Qxf6+
Kg8 28. Qg5+ Kh8 29. Qe7 Rb8 30. Qxf7 Qxa7 31. Be4 Qa1+ 32. Kg2 Qxc3 33. Qxh7#
1-0

[Event "Tata Steel Chess 2014 GM-B"]
[Site "Wijk aan Zee NED"]
[Date "2014.01.26"]
[Round "13.6"]
[White "Troff, Kayden W"]
[Black "Jobava, Baadur"]
[Result "1/2-1/2"]
[WhiteElo "2457"]
[BlackElo "2710"]
[PlyCount "71"]
[EventDate "2014.01.11"]
[EventType "tourn"]
[EventRounds "13"]
[EventCountry "NED"]
[EventCategory "14"]
[Source "lmi"]
[SourceDate "2014.01.11"]

1. d4 Nf6 2. c4 c5 3. d5 g6 4. Nc3 Bg7 5. Nf3 O-O 6. g3 d6 7. Bg2 Na6 8. O-O
Nc7 9. h3 Rb8 10. a4 e6 11. Re1 exd5 12. cxd5 b5 13. axb5 Nxb5 14. Nxb5 Rxb5
15. Rxa7 Qb6 16. Ra4 Bd7 17. Nd2 Rb4 18. Rxb4 Qxb4 19. Qb3 Qxb3 20. Nxb3 Rb8
21. Na5 Ne8 22. e4 Kf8 23. Bf1 Bxb2 24. Bxb2 Rxb2 25. Nc4 Rb7 26. e5 dxe5 27.
Nxe5 Ba4 28. Nc4 Bb5 29. Na5 Rb8 30. Rb1 Nd6 31. Nc4 Rd8 32. Nxd6 Bxf1 33. Nb7
Bd3 34. Rd1 Rxd5 35. Nxc5 Rxc5 36. Rxd3 1/2-1/2